000 00776cab a2200229 4500
001 WB3114-30
008 090401t1995 xxu||||| |||| 00| 0 eng d
035 _a(Sirsi) u46247
041 _aeng
245 _aInvestment institutions
260 _c1995
350 _a0
490 _aFinancial Times
_v7 April 1995, 13(2)
520 _aExamines whether favourable performance trends in property investment, highlighted by IPD`s review of 1994 showing a total return from property of 12% for the year, can be maintained.
650 _aINSTITUTIONAL INVESTMENT
650 _aINVESTMENT PERFORMANCE
650 _aINVESTMENT PROPERTY DATABANK
650 _aPROPERTY PORTFOLIOS
690 _aPROPERTY-PROPERTY FINANCE AND INVESTMENT
942 _n0
948 _c04/03/1997
999 _c29264
_d29264